Przetłumacz z polskiego na niemiecki sezon 7 część 4 - klikanie - Statystyki

Ogólne statystyki
  • Ten quiz został rozwiązany 4 razy
  • Średni wynik to 31 z 43
Statystyki odpowiedzi
Hint Odpowiedź % Poprawnych
Grać w koszykówkę Baskeball spielen
100%
Jest zimno Es ist kalt
100%
Jest wietrznie Es ist windig
100%
Słońce świeci Es scheint die Sonne
100%
W grupie In der Gruppe
100%
Na łonie natury in der Natur
100%
Uprawiać jogging joggen
100%
Skomplikowany kompliziert
100%
Żeglować segeln
100%
Jeździć na nartach Ski fahren
100%
Jeździć na Snowboardzie Snowboard fahren
100%
Surfować surfen
100%
Grać w tenisa Tischtennis spielen
100%
Trening Training
100%
Klub fitnes das Fitnessstudio
67%
Basen das Schwimmbad
67%
Pogoda Das Wetter
67%
Skatepark der Skatepark
67%
Jest ciepło Es ist warm
67%
Leży śnieg Es liegt Schnee
67%
Pada deszcz Es regnet
67%
Grać w piłkę nożną Fußball spielen
67%
Grać w piłkę ręczną Handball spielen
67%
Indywidualnie individuell
67%
Jeździć na rowerze Rad fahren
67%
Przez cały rok rund ums Jahr
67%
Jeździć na łyżwach Schlittschuh laufen
67%
Pływać schwimmen
67%
Jeździć na deskorolce skaten
67%
Próbować biegów narciarskich Skilanglauf ausprobieren
67%
Biegać na nartach Ski laufen
67%
Aktywności sportowe Sportaktivitäten
67%
Drogi teuer
67%
Grać w siatkówkę Volleyball spielen
67%
Jaki to sport Wie ist der Sport
67%
We dwójkę zu zweit
67%
Męczący anstrengend
33%
Tani billig
33%
Na zewnątrz draußen
33%
Niebezpieczny gefährlich
33%
Na świeżym powietrzu im Freien
33%
Jeździć konno reiten
33%
Wszędzie überall
33%
Nie znaleziono quizów pasujących do podanych kryteriów
Rozkład punktacji
Procent ludzi z każdym wynikiem
Percentyl według liczby udzielonych odpowiedzi
Twoja historia wyników
Nie rozwiązałeś tego quizu